LDR 00867naa#a2200181#i#450# 001 RU\INFRA-M\bibl\105731 005 20260426141737.7 011 ## _a2500-3291 100 ## _a20250831b2025####ek#y0rusy0150####ca 102 ## _aRU 200 1# _aИгровая модель управления развитием проектов 
в условиях антагонизма _eЖурнальная статья 210 1# _aМосква _cОбщество с ограниченной ответственностью «Научно-издательский центр ИНФРА-М» _d2025 215 ## _a8 с. 608 ## _aЖурнальная статья _2local 675 ## _aТеория информации в экономике. Экономическая информатика. 330.47 _z 700 #1 _aВласов _gД. А. 700 #1 _aСинчуков _gА. В. 856 4# _azh-szf.ru _u